Co přinese revize směrnice Solvency II, aneb proč je nezbytná
Smernica Solvency II je kľúčovým právnym nástrojom k bezproblémovému fungovaniu jednotného trhu v rámci sektora poisťovníctva. Dôsledne uplatňuje rizikovo orientovaný prístup a nastavuje obozretnostné pravidlá s cieľom zaistiť stabilitu finančného trhu, umožniť jednotný trh poisťovacích služieb a ch...
Gespeichert in:
| 1. Verfasser: | |
|---|---|
| Format: | Buchkapitel |
| Sprache: | Tschechisch |
| Schlagworte: | |
| Tags: |
Keine Tags, Fügen Sie das erste Tag hinzu!
|
MARC
| LEADER | 00000naa a2200000 4500 | ||
|---|---|---|---|
| 001 | 0303132 | ||
| 005 | 20240722084955.1 | ||
| 041 | 0 | |a cze | |
| 044 | |a CZ | ||
| 245 | 1 | 0 | |a Co přinese revize směrnice Solvency II, aneb proč je nezbytná |c Helga Pečená |
| 520 | |a Smernica Solvency II je kľúčovým právnym nástrojom k bezproblémovému fungovaniu jednotného trhu v rámci sektora poisťovníctva. Dôsledne uplatňuje rizikovo orientovaný prístup a nastavuje obozretnostné pravidlá s cieľom zaistiť stabilitu finančného trhu, umožniť jednotný trh poisťovacích služieb a chrániť poistníkov. Zmeny v rámci opatrení týkajúcich sa dlhodobých záruk, zmeny v oblasti proporcionality a výkazníctva, zmeny v oblasti dohľadu a zmeny vzhľadom k cieľom Európskej zelenej dohody (European Green Deal). | ||
| 610 | 2 | 0 | |a poisťovníctvo |
| 610 | 2 | 0 | |a regulácia |
| 610 | 2 | 0 | |a smernice |
| 610 | 2 | 0 | |a trh finančný |
| 610 | 2 | 0 | |a stabilita finančná |
| 610 | 2 | 0 | |a dohľad nad finančným trhom |
| 610 | 2 | 0 | |a Európska zelená dohoda |
| 100 | 1 | |a Pečená, Helga | |